Photography And The Ecological Problems Of Civilisation (Record no. 595257)

MARC details
000 -LEADER
fixed length control field 00470nam a2200145Ia 4500
008 - FIXED-LENGTH DATA ELEMENTS--GENERAL INFORMATION
fixed length control field 100415s9999 xx 000 0 und d
082 ## - DEWEY DECIMAL CLASSIFICATION NUMBER
Item number 12340
Classification number 574.5
100 ## - MAIN ENTRY--PERSONAL NAME
Personal name Urshl,A.D
245 ## - TITLE STATEMENT
Title Photography And The Ecological Problems Of Civilisation
260 ## - PUBLICATION, DISTRIBUTION, ETC. (IMPRINT)
Place of publication, distribution, etc MOSCOW
Date of publication, distribution, etc 1983
Name of publisher, distributor, etc PROGRESS PUBLISHERS
365 ## - TRADE PRICE
Price amount 0
630 ## - SUBJECT ADDED ENTRY--UNIFORM TITLE
Uniform title Photography And The Ecological Problems Of Civilisation
730 ## - ADDED ENTRY--UNIFORM TITLE
Uniform title Photography And The Ecological Problems Of Civilisation
942 ## - ADDED ENTRY ELEMENTS (KOHA)
Koha item type Book
Holdings
Withdrawn status Lost status Damaged status Not for loan Home library Current library Date acquired Cost, normal purchase price Total Checkouts Full call number Barcode Date last seen Price effective from Koha item type
        Bombay Natural History Society Bombay Natural History Society 07/01/1994 0.00   574.5 12340 BNHS-12340 04/15/2010 04/15/2010 Book